NFL Week 1 QB's 2010-2021 - Statistics

General Stats
  • This quiz has been taken 165 times
    152 since last reset
  • The average score is 313 of 384
Answer Stats
Hint Answer % Correct
Arizona Cardinals 2021 Kyler Murray
99%
Arizona Cardinals 2020 Kyler Murray
99%
Arizona Cardinals 2019 Kyler Murray
99%
New England Patriots 2016 Jimmy Garoppolo
98%
San Francisco 49ers 2021 Jimmy Garoppolo
98%
San Francisco 49ers 2020 Jimmy Garoppolo
98%
San Francisco 49ers 2019 Jimmy Garoppolo
98%
San Francisco 49ers 2018 Jimmy Garoppolo
98%
Atlanta Falcons 2021 Matt Ryan
98%
Atlanta Falcons 2022 Matt Ryan
98%
Atlanta Falcons 2019 Matt Ryan
98%
Atlanta Falcons 2018 Matt Ryan
98%
Atlanta Falcons 2017 Matt Ryan
98%
Atlanta Falcons 2016 Matt Ryan
98%
Atlanta Falcons 2015 Matt Ryan
98%
Atlanta Falcons 2014 Matt Ryan
98%
Atlanta Falcons 2013 Matt Ryan
98%
Atlanta Falcons 2012 Matt Ryan
98%
Atlanta Falcons 2011 Matt Ryan
98%
Atlanta Falcons 2010 Matt Ryan
98%
Green Bay Packers 2021 Aaron Rodgers
97%
Green Bay Packers 2020 Aaron Rodgers
97%
Green Bay Packers 2019 Aaron Rodgers
97%
Green Bay Packers 2018 Aaron Rodgers
97%
Green Bay Packers 2017 Aaron Rodgers
97%
Green Bay Packers 2016 Aaron Rodgers
97%
Green Bay Packers 2015 Aaron Rodgers
97%
Green Bay Packers 2014 Aaron Rodgers
97%
Green Bay Packers 2013 Aaron Rodgers
97%
Green Bay Packers 2012 Aaron Rodgers
97%
Green Bay Packers 2011 Aaron Rodgers
97%
Green Bay Packers 2010 Aaron Rodgers
97%
Carolina Panthers 2019 Cam Newton
97%
Carolina Panthers 2018 Cam Newton
97%
Carolina Panthers 2017 Cam Newton
97%
Carolina Panthers 2016 Cam Newton
97%
Carolina Panthers 2015 Cam Newton
97%
Carolina Panthers 2013 Cam Newton
97%
Carolina Panthers 2012 Cam Newton
97%
Carolina Panthers 2011 Cam Newton
97%
New England Patriots 2020 Cam Newton
97%
Kansas City Chiefs 2021 Patrick Mahomes
97%
Kansas City Chiefs 2020 Patrick Mahomes
97%
Kansas City Chiefs 2019 Patrick Mahomes
97%
Kansas City Chiefs 2018 Patrick Mahomes
97%
Seattle Seahawks 2021 Russell Wilson
97%
Seattle Seahawks 2020 Russell Wilson
97%
Seattle Seahawks 2019 Russell Wilson
97%
Seattle Seahawks 2018 Russell Wilson
97%
Seattle Seahawks 2017 Russell Wilson
97%
Seattle Seahawks 2016 Russell Wilson
97%
Seattle Seahawks 2015 Russell Wilson
97%
Seattle Seahawks 2014 Russell Wilson
97%
Seattle Seahawks 2013 Russell Wilson
97%
Seattle Seahawks 2012 Russell Wilson
97%
New England Patriots 2019 Tom Brady
97%
New England Patriots 2018 Tom Brady
97%
New England Patriots 2017 Tom Brady
97%
New England Patriots 2015 Tom Brady
97%
New England Patriots 2014 Tom Brady
97%
New England Patriots 2013 Tom Brady
97%
New England Patriots 2012 Tom Brady
97%
New England Patriots 2011 Tom Brady
97%
New England Patriots 2010 Tom Brady
97%
Tampa Bay Buccaneers 2021 Tom Brady
97%
Tampa Bay Buccaneers 2020 Tom Brady
97%
New York Jets 2021 Zach Wilson
97%
Chicago Bears 2021 Andy Dalton
96%
Cincinnati Bengals 2019 Andy Dalton
96%
Cincinnati Bengals 2018 Andy Dalton
96%
Cincinnati Bengals 2017 Andy Dalton
96%
Cincinnati Bengals 2016 Andy Dalton
96%
Cincinnati Bengals 2015 Andy Dalton
96%
Cincinnati Bengals 2014 Andy Dalton
96%
Cincinnati Bengals 2013 Andy Dalton
96%
Cincinnati Bengals 2012 Andy Dalton
96%
Indianapolis Colts 2021 Carson Wentz
96%
Philadelphia Eagles 2020 Carson Wentz
96%
Philadelphia Eagles 2019 Carson Wentz
96%
Philadelphia Eagles 2017 Carson Wentz
96%
Philadelphia Eagles 2016 Carson Wentz
96%
Dallas Cowboys 2021 Dak Prescott
96%
Dallas Cowboys 2020 Dak Prescott
96%
Dallas Cowboys 2019 Dak Prescott
96%
Dallas Cowboys 2018 Dak Prescott
96%
Dallas Cowboys 2017 Dak Prescott
96%
Dallas Cowboys 2016 Dak Prescott
96%
New York Giants 2021 Daniel Jones
96%
New York Giants 2020 Daniel Jones
96%
New York Giants 2019 Eli Manning
96%
New York Giants 2018 Eli Manning
96%
New York Giants 2017 Eli Manning
96%
New York Giants 2016 Eli Manning
96%
New York Giants 2015 Eli Manning
96%
New York Giants 2014 Eli Manning
96%
New York Giants 2013 Eli Manning
96%
New York Giants 2012 Eli Manning
96%
New York Giants 2011 Eli Manning
96%
New York Giants 2010 Eli Manning
96%
Detroit Lions 2021 Jared Goff
96%
Los Angeles Rams 2020 Jared Goff
96%
Los Angeles Rams 2019 Jared Goff
96%
Los Angeles Rams 2018 Jared Goff
96%
Los Angeles Rams 2017 Jared Goff
96%
Baltimore Ravens 2018 Joe Flacco
96%
Baltimore Ravens 2017 Joe Flacco
96%
Baltimore Ravens 2016 Joe Flacco
96%
Baltimore Ravens 2015 Joe Flacco
96%
Baltimore Ravens 2014 Joe Flacco
96%
Baltimore Ravens 2013 Joe Flacco
96%
Baltimore Ravens 2012 Joe Flacco
96%
Baltimore Ravens 2011 Joe Flacco
96%
Baltimore Ravens 2010 Joe Flacco
96%
Denver Broncos 2019 Joe Flacco
96%
Buffalo Bills 2021 Josh Allen
96%
Buffalo Bills 2020 Josh Allen
96%
Buffalo Bills 2019 Josh Allen
96%
Minnesota Vikings 2021 Kirk Cousins
96%
Minnesota Vikings 2020 Kirk Cousins
96%
Minnesota Vikings 2019 Kirk Cousins
96%
Minnesota Vikings 2018 Kirk Cousins
96%
Washington Commanders 2017 Kirk Cousins
96%
Washington Commanders 2016 Kirk Cousins
96%
Washington Commanders 2015 Kirk Cousins
96%
New England Patriots 2021 Mac Jones
96%
Detroit Lions 2020 Matthew Stafford
96%
Detroit Lions 2019 Matthew Stafford
96%
Detroit Lions 2018 Matthew Stafford
96%
Detroit Lions 2017 Matthew Stafford
96%
Detroit Lions 2016 Matthew Stafford
96%
Detroit Lions 2015 Matthew Stafford
96%
Detroit Lions 2014 Matthew Stafford
96%
Detroit Lions 2013 Matthew Stafford
96%
Detroit Lions 2012 Matthew Stafford
96%
Detroit Lions 2011 Matthew Stafford
96%
Detroit Lions 2010 Matthew Stafford
96%
Los Angeles Rams 2021 Matthew Stafford
96%
Denver Broncos 2015 Peyton Manning
96%
Denver Broncos 2014 Peyton Manning
96%
Denver Broncos 2013 Peyton Manning
96%
Denver Broncos 2012 Peyton Manning
96%
Indianapolis Colts 2010 Peyton Manning
96%
Pittsburgh Steelers 2021 Ben Roethlisberger
95%
Pittsburgh Steelers 2020 Ben Roethlisberger
95%
Pittsburgh Steelers 2019 Ben Roethlisberger
95%
Pittsburgh Steelers 2018 Ben Roethlisberger
95%
Pittsburgh Steelers 2017 Ben Roethlisberger
95%
Pittsburgh Steelers 2016 Ben Roethlisberger
95%
Pittsburgh Steelers 2015 Ben Roethlisberger
95%
Pittsburgh Steelers 2014 Ben Roethlisberger
95%
Pittsburgh Steelers 2013 Ben Roethlisberger
95%
Pittsburgh Steelers 2012 Ben Roethlisberger
95%
Pittsburgh Steelers 2011 Ben Roethlisberger
95%
Las Vegas Raiders 2021 Derek Carr
95%
Las Vegas Raiders 2020 Derek Carr
95%
Las Vegas Raiders 2019 Derek Carr
95%
Las Vegas Raiders 2018 Derek Carr
95%
Las Vegas Raiders 2017 Derek Carr
95%
Las Vegas Raiders 2016 Derek Carr
95%
Las Vegas Raiders 2015 Derek Carr
95%
Las Vegas Raiders 2014 Derek Carr
95%
Baltimore Ravens 2021 Lamar Jackson
95%
Baltimore Ravens 2020 Lamar Jackson
95%
Baltimore Ravens 2019 Lamar Jackson
95%
Indianapolis Colts 2020 Phillip Rivers
95%
Los Angeles Chargers 2019 Phillip Rivers
95%
Los Angeles Chargers 2018 Phillip Rivers
95%
Los Angeles Chargers 2017 Phillip Rivers
95%
Los Angeles Chargers 2016 Phillip Rivers
95%
Los Angeles Chargers 2015 Phillip Rivers
95%
Los Angeles Chargers 2014 Phillip Rivers
95%
Los Angeles Chargers 2013 Phillip Rivers
95%
Los Angeles Chargers 2012 Phillip Rivers
95%
Los Angeles Chargers 2011 Phillip Rivers
95%
Los Angeles Chargers 2010 Phillip Rivers
95%
Seattle Seahawks 2011 Tarvaris Jackson
95%
Kansas City Chiefs 2017 Alex Smith
94%
Kansas City Chiefs 2016 Alex Smith
94%
Kansas City Chiefs 2015 Alex Smith
94%
Kansas City Chiefs 2014 Alex Smith
94%
Kansas City Chiefs 2013 Alex Smith
94%
San Francisco 49ers 2012 Alex Smith
94%
San Francisco 49ers 2011 Alex Smith
94%
San Francisco 49ers 2010 Alex Smith
94%
Washington Commanders 2018 Alex Smith
94%
New York Jets 2014 Geno Smith
94%
New York Jets 2013 Geno Smith
94%
Cincinnati Bengals 2021 Joe Burrow
94%
Cincinnati Bengals 2020 Joe Burrow
94%
Dallas Cowboys 2015 Tony Romo
94%
Dallas Cowboys 2014 Tony Romo
94%
Dallas Cowboys 2013 Tony Romo
94%
Dallas Cowboys 2012 Tony Romo
94%
Dallas Cowboys 2011 Tony Romo
94%
Dallas Cowboys 2010 Tony Romo
94%
Miami Dolphins 2021 Tua Tagovailoa
94%
Houston Texans 2020 Deshaun Watson
93%
Houston Texans 2019 Deshaun Watson
93%
Houston Texans 2018 Deshaun Watson
93%
New Orleans Saints 2020 Drew Brees
93%
New Orleans Saints 2019 Drew Brees
93%
New Orleans Saints 2018 Drew Brees
93%
New Orleans Saints 2017 Drew Brees
93%
New Orleans Saints 2016 Drew Brees
93%
New Orleans Saints 2015 Drew Brees
93%
New Orleans Saints 2014 Drew Brees
93%
New Orleans Saints 2013 Drew Brees
93%
New Orleans Saints 2012 Drew Brees
93%
New Orleans Saints 2011 Drew Brees
93%
New Orleans Saints 2010 Drew Brees
93%
New Orleans Saints 2021 Jameis Winston
93%
Tampa Bay Buccaneers 2019 Jameis Winston
93%
Tampa Bay Buccaneers 2017 Jameis Winston
93%
Tampa Bay Buccaneers 2016 Jameis Winston
93%
Tampa Bay Buccaneers 2015 Jameis Winston
93%
Los Angeles Chargers 2021 Justin Herbert
93%
Los Angeles Rams 2015 Nick Foles
93%
Philadelphia Eagles 2018 Nick Foles
93%
Philadelphia Eagles 2014 Nick Foles
93%
Miami Dolphins 2018 Ryan Tannehill
93%
Miami Dolphins 2016 Ryan Tannehill
93%
Miami Dolphins 2015 Ryan Tannehill
93%
Miami Dolphins 2014 Ryan Tannehill
93%
Miami Dolphins 2013 Ryan Tannehill
93%
Miami Dolphins 2012 Ryan Tannehill
93%
Tennessee Titans 2021 Ryan Tannehill
93%
Tennessee Titans 2020 Ryan Tannehill
93%
Indianapolis Colts 2018 Andrew Luck
92%
Indianapolis Colts 2016 Andrew Luck
92%
Indianapolis Colts 2015 Andrew Luck
92%
Indianapolis Colts 2014 Andrew Luck
92%
Indianapolis Colts 2013 Andrew Luck
92%
Indianapolis Colts 2012 Andrew Luck
92%
Cleveland Browns 2021 Baker Mayfield
92%
Cleveland Browns 2020 Baker Mayfield
92%
Cleveland Browns 2019 Baker Mayfield
92%
Carolina Panthers 2021 Sam Darnold
92%
New York Jets 2020 Sam Darnold
92%
New York Jets 2019 Sam Darnold
92%
New York Jets 2018 Sam Darnold
92%
Jacksonville Jaguars 2021 Trevor Lawrence
92%
Arizona Cardinals 2017 Carson Palmer
90%
Arizona Cardinals 2016 Carson Palmer
90%
Arizona Cardinals 2015 Carson Palmer
90%
Arizona Cardinals 2014 Carson Palmer
90%
Arizona Cardinals 2013 Carson Palmer
90%
Cincinnati Bengals 2010 Carson Palmer
90%
Las Vegas Raiders 2012 Carson Palmer
90%
Philadelphia Eagles 2021 Jalen Hurts
89%
Buffalo Bills 2017 Tyrod Taylor
88%
Buffalo Bills 2016 Tyrod Taylor
88%
Buffalo Bills 2015 Tyrod Taylor
88%
Cleveland Browns 2018 Tyrod Taylor
88%
Houston Texans 2021 Tyrod Taylor
88%
Los Angeles Chargers 2020 Tyrod Taylor
88%
Buffalo Bills 2012 Ryan Fitzpatrick
87%
Buffalo Bills 2011 Ryan Fitzpatrick
87%
Houston Texans 2014 Ryan Fitzpatrick
87%
Miami Dolphins 2020 Ryan Fitzpatrick
87%
Miami Dolphins 2019 Ryan Fitzpatrick
87%
New York Jets 2016 Ryan Fitzpatrick
87%
New York Jets 2015 Ryan Fitzpatrick
87%
Tampa Bay Buccaneers 2018 Ryan Fitzpatrick
87%
Washington Commanders 2021 Ryan Fitzpatrick
87%
Jacksonville Jaguars 2018 Blake Bortles
85%
Jacksonville Jaguars 2017 Blake Bortles
85%
Jacksonville Jaguars 2016 Blake Bortles
85%
Jacksonville Jaguars 2015 Blake Bortles
85%
San Francisco 49ers 2015 Colin Kaepernick
84%
San Francisco 49ers 2014 Colin Kaepernick
84%
San Francisco 49ers 2013 Colin Kaepernick
84%
Chicago Bears 2020 Mitchell Trubisky
84%
Chicago Bears 2019 Mitchell Trubisky
84%
Chicago Bears 2018 Mitchell Trubisky
84%
Chicago Bears 2016 Jay Cutler
83%
Chicago Bears 2015 Jay Cutler
83%
Chicago Bears 2014 Jay Cutler
83%
Chicago Bears 2013 Jay Cutler
83%
Chicago Bears 2012 Jay Cutler
83%
Chicago Bears 2011 Jay Cutler
83%
Chicago Bears 2010 Jay Cutler
83%
Miami Dolphins 2017 Jay Cutler
83%
Carolina Panthers 2020 Teddy Bridgewater
83%
Denver Broncos 2021 Teddy Bridgewater
83%
Minnesota Vikings 2015 Teddy Bridgewater
83%
Denver Broncos 2020 Drew Lock
80%
Tennessee Titans 2019 Marcus Mariota
74%
Tennessee Titans 2018 Marcus Mariota
74%
Tennessee Titans 2017 Marcus Mariota
74%
Tennessee Titans 2016 Marcus Mariota
74%
Tennessee Titans 2015 Marcus Mariota
74%
Jacksonville Jaguars 2020 Gardner Minshew
71%
Jacksonville Jaguars 2019 Gardner Minshew
71%
Houston Texans 2013 Matt Schaub
70%
Houston Texans 2012 Matt Schaub
70%
Houston Texans 2011 Matt Schaub
70%
Houston Texans 2010 Matt Schaub
70%
Cleveland Browns 2016 Robert Griffin III
70%
Washington Commanders 2014 Robert Griffin III
70%
Washington Commanders 2013 Robert Griffin III
70%
Washington Commanders 2012 Robert Griffin III
70%
Indianapolis Colts 2019 Jacoby Brissett
69%
Philadelphia Eagles 2013 Michael Vick
69%
Philadelphia Eagles 2012 Michael Vick
69%
Philadelphia Eagles 2011 Michael Vick
69%
Philadelphia Eagles 2010 Michael Vick
69%
Arizona Cardinals 2018 Sam Bradford
68%
Los Angeles Rams 2013 Sam Bradford
68%
Los Angeles Rams 2012 Sam Bradford
68%
Los Angeles Rams 2011 Sam Bradford
68%
Los Angeles Rams 2010 Sam Bradford
68%
Minnesota Vikings 2017 Sam Bradford
68%
Philadelphia Eagles 2015 Sam Bradford
68%
Denver Broncos 2018 Case Keenum
67%
Los Angeles Rams 2016 Case Keenum
67%
Washington Commanders 2019 Case Keenum
67%
Cleveland Browns 2015 Johnny Manziel
65%
New York Jets 2012 Mark Sanchez
65%
New York Jets 2011 Mark Sanchez
65%
New York Jets 2010 Mark Sanchez
65%
Minnesota Vikings 2011 Donovan McNabb
55%
Washington Commanders 2010 Donovan McNabb
55%
Washington Commanders 2020 Dwayne Haskins
55%
Minnesota Vikings 2010 Brett Favre
52%
Houston Texans 2016 Brock Osweiler
52%
Seattle Seahawks 2010 Matt Hasselbeck
50%
Tennessee Titans 2011 Matt Hasselbeck
50%
Tampa Bay Buccaneers 2013 Josh Freeman
44%
Tampa Bay Buccaneers 2012 Josh Freeman
44%
Tampa Bay Buccaneers 2011 Josh Freeman
44%
Tampa Bay Buccaneers 2010 Josh Freeman
44%
Jacksonville Jaguars 2011 Josh McCown
44%
New York Jets 2017 Josh McCown
44%
Tampa Bay Buccaneers 2014 Josh McCown
44%
Jacksonville Jaguars 2013 Blaine Gabbert
43%
Jacksonville Jaguars 2012 Blaine Gabbert
43%
San Francisco 49ers 2016 Blaine Gabbert
43%
Buffalo Bills 2014 EJ Manuel
43%
Buffalo Bills 2013 EJ Manuel
43%
Denver Broncos 2017 Trevor Siemian
43%
Denver Broncos 2016 Trevor Siemian
43%
Tennessee Titans 2010 Vince Young
43%
Cleveland Browns 2017 DeShone Kizer
40%
Cleveland Browns 2014 Brian Hoyer
39%
Houston Texans 2015 Brian Hoyer
39%
San Francisco 49ers 2017 Brian Hoyer
39%
Minnesota Vikings 2013 Christian Ponder
36%
Minnesota Vikings 2012 Christian Ponder
36%
Kansas City Chiefs 2012 Matt Cassel
36%
Kansas City Chiefs 2011 Matt Cassel
36%
Kansas City Chiefs 2010 Matt Cassel
36%
Minnesota Vikings 2014 Matt Cassel
36%
Tennessee Titans 2014 Jake Locker
34%
Tennessee Titans 2013 Jake Locker
34%
Tennessee Titans 2012 Jake Locker
34%
Chicago Bears 2017 Mike Glennon
34%
Jacksonville Jaguars 2014 Chad Henne
30%
Miami Dolphins 2011 Chad Henne
30%
Miami Dolphins 2010 Chad Henne
30%
Cleveland Browns 2011 Colt McCoy
30%
Jacksonville Jaguars 2010 David Garrard
30%
Cleveland Browns 2013 Brandon Weeden
29%
Cleveland Browns 2012 Brandon Weeden
29%
Buffalo Bills 2018 Nathan Peterman
28%
Los Angeles Rams 2014 Shaun Hill
28%
Minnesota Vikings 2016 Shaun Hill
28%
Denver Broncos 2011 Kyle Orton
24%
Denver Broncos 2010 Kyle Orton
24%
Arizona Cardinals 2010 Derek Anderson
20%
Carolina Panthers 2014 Derek Anderson
20%
Las Vegas Raiders 2013 Terrelle Pryor
20%
Cleveland Browns 2010 Jake Delhomme
19%
Arizona Cardinals 2011 Kevin Kolb
19%
Carolina Panthers 2010 Matt Moore
19%
Indianapolis Colts 2011 Kerry Collins
17%
Houston Texans 2017 Tom Savage
17%
Las Vegas Raiders 2011 Jason Campbell
16%
Las Vegas Raiders 2010 Jason Campbell
16%
Arizona Cardinals 2012 John Skelton
16%
Washington Commanders 2011 Rex Grossman
16%
Indianapolis Colts 2017 Scott Tolzien
10%
Buffalo Bills 2010 Trent Edwards
6%
Pittsburgh Steelers 2010 Dennis Dixon
5%
Cincinnati Bengals 2011 Bruce Gradkowski
1%
No matching quizzes found
Score Distribution
Percent of People with Each Score
Percentile by Number Answered
Your Score History
You have not taken this quiz since the last reset